| 000 | 00423nam a22001697a 4500 | ||
|---|---|---|---|
| 003 | MACL | ||
| 005 | 20160114131946.0 | ||
| 008 | 160114b xxu||||| |||| 00| 0 eng d | ||
| 040 | _cMACL | ||
| 041 | _aEnglish | ||
| 082 | _a080 | ||
| 100 |
_aWarerkar Dr. Chitra _96910 |
||
| 245 | _aHow To Improve Your Personality | ||
| 260 |
_aNew Delhi _bNew York Book Company _c2012 |
||
| 650 |
_aMotivation _917135 |
||
| 942 |
_2ddc _cBK |
||
| 999 |
_c52206 _d52206 |
||